Cities of the United States with pictures - Statistics

General Stats
  • This quiz has been taken 26 times
  • The average score is 14 of 16
Answer Stats
Picture Answer % Correct
Chicago
100%
Los Angeles
100%
Miami
100%
New York
100%
Seattle
100%
Washington D.C.
100%
San Francisco
96%
Las Vegas
92%
Orlando
92%
Boston
88%
Philadelphia
88%
Dallas
84%
Atlanta
72%
Houston
72%
San Diego
72%
Detroit
64%
No matching quizzes found
Score Distribution
Percent of People with Each Score
Percentile by Number Answered
Your Score History
You have not taken this quiz